La culture matérielle de la France : XVIe-XVIIIe siècle (notice n° 2198715)

détails MARC
000 -LEADER
fixed length control field 01308cam a2200133 4500500
005 - DATE AND TIME OF LATEST TRANSACTION
control field 20260405085600.0
041 ## - LANGUAGE CODE
Language code of text/sound track or separate title fre
042 ## - AUTHENTICATION CODE
Authentication code dc
100 10 - MAIN ENTRY--PERSONAL NAME
Personal name Meiss, Marjorie
Relator term author
245 00 - TITLE STATEMENT
Title La culture matérielle de la France : XVIe-XVIIIe siècle
260 ## - PUBLICATION, DISTRIBUTION, ETC.
Name of publisher, distributor, etc. Armand Colin,<br/>
Date of publication, distribution, etc. 2016.<br/>
520 ## - SUMMARY, ETC.
Summary, etc. L’histoire du quotidien des temps passés est devenue indispensable pour appréhender une époque. Outre les grands événements politiques, la compréhension de la société de la France moderne passe par le rapport de l’homme aux objets et révèle les différents niveaux de la réalité du temps : histoire sociale, économique, culturelle, mais aussi scientifique et technique. Entre villes et campagnes, la description des habitats, des pratiques alimentaires, des parures du corps autant que des intérieurs et des objets permet de dessiner un portrait sensible des Français d’hier. S’appuyant sur les sources les plus diverses : lettres, inventaires après-décès, statistiques, littérature et iconographie, cette histoire « modeste » propose une vision toujours plus précise de la société française à travers son évolution sur trois siècles.
856 41 - ELECTRONIC LOCATION AND ACCESS
Uniform Resource Identifier <a href="https://shs.cairn.info/la-culture-materielle-de-la-france--9782200286569?lang=fr&redirect-ssocas=7080">https://shs.cairn.info/la-culture-materielle-de-la-france--9782200286569?lang=fr&redirect-ssocas=7080</a>

Pas d'exemplaire disponible.

PLUDOC

PLUDOC est la plateforme unique et centralisée de gestion des bibliothèques physiques et numériques de Guinée administré par le CEDUST. Elle est la plus grande base de données de ressources documentaires pour les Étudiants, Enseignants chercheurs et Chercheurs de Guinée.

Adresse

627 919 101/664 919 101

25 boulevard du commerce
Kaloum, Conakry, Guinée

Réseaux sociaux

Powered by Netsen Group @ 2025